[Event "1.b HSL 19 "]
[Site "Mali Losinj"]
[Date "2019.10.06"]
[Round "9.32"]
[White "Postny, Evgeny"]
[Black "Srbis, Jurica"]
[Result "1-0"]
[WhiteElo "2601"]
[BlackElo "2445"]
[PlyCount "64"]
[EventDate "2019.09.28"]
[EventCountry "CRO"]
[WhiteTeam "ŠK SESVETE-AGROPROTEINKA, Sesvete"]
[BlackTeam "ŠK BJELOVAR, Bjelovar"]

1. d4 Nf6 2. Nf3 g6 3. c4 Bg7 4. Nc3 O-O 5. e4 d6 6. Be2 e5 7. d5 a5 8. h3 Na6
9. Bg5 Nc5 10. Nd2 c6 11. O-O h6 12. Be3 Nfd7 13. b3 f5 14. f3 f4 15. Bf2 Bf6
16. a3 Bh4 17. b4 Bxf2+ 18. Rxf2 axb4 19. axb4 Rxa1 20. Qxa1 Na6 21. dxc6 bxc6
22. c5 Nxb4 23. cxd6 Qb6 24. Qb2 Qb8 25. Nc4 Ba6 26. Na2 Nxa2 27. Qxa2 Bxc4 28.
Qxc4+ Kg7 29. Qxc6 Qa7 30. Bb5 Rf7 31. Bc4 Rf6 32. Kh2 h5 1-0

[Event "1.b HSL 19 "]
[Site "Mali Losinj"]
[Date "2019.10.06"]
[Round "9.43"]
[White "Krstic, Uros"]
[Black "Galic, Ivan"]
[Result "1/2-1/2"]
[WhiteElo "2354"]
[BlackElo "2414"]
[PlyCount "47"]
[EventDate "2019.09.28"]
[EventCountry "CRO"]
[WhiteTeam "ŠK STRIDON, Štrigova"]
[BlackTeam "ŠK DUBROVNIK, Dubrovnik"]

1. e4 c5 2. Nf3 e6 3. d4 cxd4 4. Nxd4 a6 5. Nc3 Qc7 6. g3 d6 7. Bg2 Bd7 8. O-O
Nc6 9. Nxc6 Bxc6 10. Re1 Be7 11. Ne2 Nf6 12. Nd4 Bd7 13. c3 O-O 14. a4 Rad8 15.
a5 Bc8 16. Qb3 Rfe8 17. Bg5 h6 18. Bxf6 Bxf6 19. Nc2 Be7 20. Ne3 Bd7 21. Nc4
Bc6 22. Nb6 Bf8 23. Rad1 Qe7 24. Qc2 1/2-1/2

[Event "1.b HSL 19 "]
[Site "Mali Losinj"]
[Date "2019.10.06"]
[Round "9.44"]
[White "Bender, Ivan"]
[Black "Trbojevic, Mladen"]
[Result "0-1"]
[WhiteElo "2212"]
[BlackElo "2338"]
[PlyCount "62"]
[EventDate "2019.09.28"]
[EventCountry "CRO"]
[WhiteTeam "ŠK DUBROVNIK, Dubrovnik"]
[BlackTeam "ŠK STRIDON, Štrigova"]

1. d4 d5 2. c4 c6 3. Nc3 Nf6 4. e3 a6 5. Nf3 Bf5 6. Be2 e6 7. Nh4 Be4 8. O-O
Nbd7 9. g3 Be7 10. f3 Bg6 11. Nxg6 hxg6 12. Re1 O-O 13. Kg2 dxc4 14. Bxc4 e5
15. Bb3 Qc7 16. Bd2 Rad8 17. Qc2 c5 18. dxc5 Nxc5 19. Bc4 b5 20. Bf1 b4 21. Nd1
e4 22. f4 Qd7 23. Re2 Nd3 24. Nf2 Bc5 25. Qb1 Qd5 26. Kg1 g5 27. Nxd3 exd3 28.
Re1 gxf4 29. gxf4 Qf3 30. Bg2 Qxf4 31. Kh1 Qh4 0-1

[Event "1.b HSL 19 "]
[Site "Mali Losinj"]
[Date "2019.10.06"]
[Round "9.45"]
[White "Vernacki, Srdjan"]
[Black "Levacic, Patrick"]
[Result "1/2-1/2"]
[WhiteElo "2318"]
[BlackElo "2245"]
[PlyCount "42"]
[EventDate "2019.09.28"]
[EventCountry "CRO"]
[WhiteTeam "ŠK STRIDON, Štrigova"]
[BlackTeam "ŠK DUBROVNIK, Dubrovnik"]

1. Nf3 Nf6 2. c4 g6 3. b3 Bg7 4. Bb2 O-O 5. e3 d6 6. Be2 e5 7. d3 Nbd7 8. O-O
Re8 9. Nc3 Nf8 10. Ne4 N6d7 11. Qc2 f5 12. Nc3 g5 13. Rfe1 Ng6 14. b4 Ndf8 15.
Nd2 Be6 16. Nb3 f4 17. d4 g4 18. g3 h5 19. Bd3 Qg5 20. Ne4 Qh6 21. d5 Bf7
1/2-1/2

[Event "1.b HSL 19 "]
[Site "Mali Losinj"]
[Date "2019.10.06"]
[Round "9.56"]
[White "Polok, Kacper"]
[Black "Ciganovic, Nikola"]
[Result "1-0"]
[WhiteElo "2307"]
[BlackElo "2219"]
[PlyCount "47"]
[EventDate "2019.09.28"]
[EventCountry "CRO"]
[WhiteTeam "ŠK BRDA, Split"]
[BlackTeam "ŠK PULA, Pula"]

1. e4 e5 2. Nf3 Nc6 3. Bc4 Nf6 4. d4 exd4 5. O-O Bc5 6. e5 d5 7. exf6 dxc4 8.
fxg7 Rg8 9. Re1+ Be6 10. Bg5 Be7 11. Bxe7 Qxe7 12. Nxd4 Rd8 13. c3 Nxd4 14.
cxd4 Rxg7 15. Nc3 Qg5 16. Qf3 c6 17. Ne4 Qh4 18. d5 cxd5 19. Nf6+ Ke7 20. Nxd5+
Kf8 21. Rxe6 Qg5 22. Ne3 Kg8 23. Re4 b5 24. Nf5 1-0